000 01549nam a2200457 i 4500
001 28472
003 KOSZ 005
005 20200416131825.0
008 971113s1988 pl a f |001 0 pol
015 _aUWD 1988/6517
020 _a8321406424
035 _a991003166859705066
035 _a(PL-WaBN)b1085292x-48omnis_nlop
035 _ab1085292x
035 _a(OCoLC)749364768
035 _a(PL)b0000001085292
035 _a(EXLNZ-48OMNIS_NETWORK)9910150827405606
040 _aWA N
_cWA N
_dKOSZ 005/EG
041 1 _apol
_hsla
080 _a52
080 _a(084.11)
100 1 _aPittich, Eduard
_eAutor
245 1 0 _aNiebo na dłoni /
_cEduard Pittich, Dušan Kalmančok ; [ze słow. przeł. Jerzy M. Kreiner].
246 1 _iTyt. oryg.:
_aObloha na dlani,
_f1988
260 _aBratislava ; Warszawa :
_b"Obzor" : "Wiedza Powszechna",
_c1988.
300 _a417, [6] s. :
_bil. (w tym kolor.), fot., rys. ;
_c25 cm.
336 _2rdacontent
_aTekst
_btxt
337 _2rdamedia
_aBez urządzenia pośredniczącego
_bn
338 _2rdacarrier
_aWolumin
_bnc
380 _aKsiążki
388 _a1901-2000
388 _a19451989
504 _aBibliogr. s. 417. - Indeksy.
650 7 _aAstronomia
_2DBN
658 _aFizyka i astronomia
700 1 _aKalmančok, Dušan
_eAutor
700 1 _aKreiner, Jerzy Marek
_d(1940- )
_eTłumaczenie
856 _uhttp://koha.tu.koszalin.pl/cgi-bin/koha/opac-detail.pl?biblionumber=28472
_yKatalog online BPK
942 _2UKD
_cKS
999 _c28472
_d28472